| 000 | 00821nam a22002177a 4500 | ||
|---|---|---|---|
| 003 | BD-DhUL | ||
| 005 | 20210930121901.0 | ||
| 008 | 210908s2016 bg ||||| |||| 00| 0 ben | ||
| 020 | _a9789848825440 (hbk) | ||
| 040 |
_aBD-DhUL _cBD-DhUL |
||
| 082 |
_a891.4409 _bSES |
||
| 100 | 1 | _aসেন, দীনেশচন্দ্র | |
| 245 | 0 | 0 |
_aসরল বাঙ্গালা সাহিত্য / _cদীনেশচন্দ্র সেন । |
| 250 | _aবাতিঘর সংস্ক. | ||
| 260 |
_aচট্টগ্রাম : _bবাতিঘর , _c২০১৬ । |
||
| 300 |
_a১৫১ পৃ. ; _c১৯ সেমি. |
||
| 365 |
_aBDT _b250.00 |
||
| 650 | 4 |
_aবাংলা সাহিত্য _xইতিহাস । |
|
| 650 | 4 |
_aBengali literature _xHistory. |
|
| 942 |
_2ddc _cBK |
||
| 999 |
_c254409 _d254409 |
||